00173nam a2200073Ia 4500008004100000082000800041100002100049245002900070240331s9999 xx 000 0 und d bRAJ aRajanarayanan, K 0aK.Rajanarayanan pathikal